| 000 | 00325nam a2200109Ia 4500 | ||
|---|---|---|---|
| 008 | 220204s9999 xx 000 0 und d | ||
| 082 |
_aNR:631.8 1979 _bRRM |
||
| 245 | 0 | _aRRIM Training manual on soils, management of soils and nutrition of Hevea | |
| 260 |
_aKuala Lumpur _bRRIM _c1979 |
||
| 650 | _aSoil management | ||
| 942 | _cBK | ||
| 999 |
_c43398 _d43398 |
||